| 000 | 00843nam a2200265Ia 4500 | ||
|---|---|---|---|
| 003 | OSt | ||
| 005 | 20220925230706.0 | ||
| 006 | a|||||r|||| 00| 0 | ||
| 007 | ta | ||
| 008 | 220923b |||||||| |||| 00| 0 eng d | ||
| 020 |
_a9781780328942 _c1727.53 |
||
| 037 |
_b40649, 21/03/2014, Segment Book Distrobutors _cGeneral Book |
||
| 040 |
_aRTL _cRTL _beng |
||
| 041 |
_2eng _aeng |
||
| 082 | _aU673.1(X), Q4 | ||
| 100 |
_aKAAG Mayke _9294154 |
||
| 245 | 0 |
_aGlobal land grab _b Beyond the hype |
|
| 260 |
_aLondon _bZed books _c2014 |
||
| 300 |
_aviii,264p. _ccm. |
||
| 500 | _aBibliography: Chpterwise | ||
| 650 | _aSociology | ||
| 700 |
_a ZOOMERS Annelies _9294155 |
||
| 942 |
_hU673.1(X), Q4 _cGB _2CC |
||
| 999 |
_c586361 _d586361 |
||